| 000 | 00000nam 2200000za 4500 |
| 001 | 9.815306 |
| 003 | CaOODSP |
| 005 | 20250403105737 |
| 007 | cr ||||||||||| |
| 008 | 160414s1995 onc |o f|0| 0 fre d |
| 020 | |z0-660-94619-X |
| 040 | |aCaOODSP|bfre |
| 043 | |an-cn--- |
| 086 | 1 |aCS89F0031/1995F-PDF |
| 100 | 1 |aKelly, Karen. |
| 245 | 10|aCollecte des données du recensement sur les personnes appartenant à des minorités visibles au Canada |h[ressource électronique] : |bperspective historique / |cKaren Kelly. |
| 260 | |aOttawa : |bStatistique Canada, |c1995. |
| 300 | |a46 p. : |btableaux. |
| 500 | |aPubli. aussi en anglais sous le titre : Collecting census data on Canada's visible minority population: a historical perspective. |
| 500 | |aÉdition numérisée de l'imprimé [par Statistique Canada]. |
| 500 | |a« Mars 1995. » |
| 504 | |aComprend des références bibliographiques. |
| 692 | 07|2gccst|aDonnées du recensement |
| 692 | 07|2gccst|aMinorité visible |
| 710 | 2 |aStatistique Canada. |
| 775 | 08|tCollecting census data on Canada's visible minority population |w(CaOODSP)9.815287 |
| 856 | 40|qPDF|s1.53 Mo|uhttps://publications.gc.ca/collections/collection_2016/statcan/CS89F0031-1995-fra.pdf |